000 00369nam a22001217a 4500
999 _c1278
_d1278
005 20200828093535.0
008 200828b ||||| |||| 00| 0 eng d
020 _a0356043517
040 _cCML
245 _aScience, Models and Toys Stage 3.
_cRadford, D.
260 _aLondon
_bMacdonald Educational Ltd
_c1974
942 _2ddc
_cBK
_e1st Edition
_h507
_mRAD